Geographies of economies

Setting out to explore the intersections of economy and geography, this book brings together contributions from the world's top economic geographers.

Saved in:
Bibliographic Details
Format: Book
Language:Undetermined
Published: London Arnold 1997
Subjects:
Tags: Add Tag
No Tags, Be the first to tag this record!
Institutions: Trung tâm Học liệu Trường Đại học Cần Thơ
LEADER 00632nam a2200181Ia 4500
001 CTU_231808
008 210402s9999 xx 000 0 und d
082 |a 330.9 
082 |b G345 
245 0 |a Geographies of economies 
245 0 |c Edited by Roger Lee, Jane Wills 
260 |a London 
260 |b Arnold 
260 |c 1997 
520 |a Setting out to explore the intersections of economy and geography, this book brings together contributions from the world's top economic geographers. 
650 |a Địa lý kinh tế,Economic geography 
910 |b dqhieu 
980 |a Trung tâm Học liệu Trường Đại học Cần Thơ